Coma

Enregistré dans:
Détails bibliographiques
Auteur principal: Cook, Robin
Format: Livre
Langue:Undetermined
Publié: Buenos Aires, Argentina Emecé Editores 1978
Sujets:
Tags: Ajouter un tag
Pas de tags, Soyez le premier à ajouter un tag!

MARC

LEADER 00000nam a2200000Ia 4500
008 170316s9999 xx 000 0 und d
090 |a 810 C-17.1c 
100 |a Cook, Robin 
245 |a Coma 
260 |a Buenos Aires, Argentina 
260 |b Emecé Editores 
260 |c 1978 
300 |a 316 páginas 
650 |a LITERATURA ESTADOUNIDENSE 
999 |c 20883  |d 20883 
040 |a cru BVZT 
942 |c 15 D  |h 810 C-17.1c  |2 z